Estudio del impuesto sobre la renta Personas fisicas 2015 /

Detalles Bibliográficos
Autor principal: Přez Chavez, Još
Otros Autores: Fol Olgun̕, Raymundo
Formato: eBook
Lenguaje:español
Publicado: Mx̌ico D.F.: Tax Editores, 2015
Materias:
Acceso en línea:Acceso restringido

MARC

LEADER 00000nam a22000007a 4500
005 20150511185634.0
007 cr|||| ||||
008 150511s2015 mx |||||s|||| 00||0 spa d
020 |a 978-607-440-750-1 
035 |a 12672 
040 |a vLex 
090 |c 5409  |d 5409 
100 1 |a Přez Chavez, Još 
245 1 0 |a Estudio del impuesto sobre la renta  |h [Recurso electrn̤ico] :  |b Personas fisicas 2015 /  |c Jos ̌Přez Chavez, Raymundo Fol Olgun̕ 
256 |a Servicio en ln̕ea 
260 |a Mx̌ico D.F.:  |b Tax Editores,  |c 2015 
300 |a 1 recurso electrn̤ico 
500 |a Entre los tributos ms̀ importantes del sistema fiscal mexicano se encuentra el Impuesto sobre la Renta (ISR), el cual, por lo general, grava la renta (utilidades) de las personas tanto fs̕icas como morales. Por lo anterior, hemos elaborado la presente obra, denominada Estudio del Impuesto sobre la Renta. Personas fs̕icas. Su principal objetivo es presentar a los lectores un extenso anl̀isis de las disposiciones fiscales relacionadas con dicho gravamen mediante el marco ter̤ico de cada tema y la resolucin̤ de diversos casos prc̀ticos. El lector encontrar ̀en esta obra, entre otros, los siguientes temas relativos a los ingresos percibidos por las personas fs̕icas: 1. Cl̀culo de la retencin̤ de ISR que los empleadores deben efectuar a los que perciben salarios y conceptos asimilados a estos (se incluye la retencin̤ por la percepcin̤ de ingresos por indemnizaciones, aguinaldo, PTU y otros). 2. Determinacin̤ de la base del impuesto; cl̀culo de los pagos provisionales, renta gravable y el importe de la PTU, as ̕como el tratamiento de las přdidas fiscales, en relacin̤ con las personas fs̕icas que desarrollan actividades empresariales y profesionales. 3. Cl̀culo de la base del impuesto, determinacin̤ de los pagos bimestrales definitivos del ISR, as ̕como de la renta gravable y el importe de la PTU de los contribuyentes del rǧimen de incorporacin̤ fiscal. 4. Determinacin̤ de la base del impuesto y de los pagos provisionales por el arrendamiento de bienes inmuebles. 5. Determinacin̤ de la base del impuesto y, en su caso, de los pagos provisionales cuando se perciben ingresos por adquisicin̤ de bienes, enajenacin̤ de bienes muebles e inmuebles, dividendos, intereses y otros ingresos. 6. Cl̀culo del impuesto del ejercicio de las personas fs̕icas. Estamos seguros de que esta obra ser ̀de gran utilidad para los contribuyentes (personas fs̕icas), profesionales del r̀ea fiscal, estudiantes de nuestra legislacin̤ fiscal y, en general, para toda aquella persona interesada en el tema. 
506 1 |a Contenido disponible en los productos indicados  |d vLex Global  |d vLex Global (Academic Edition, excluding Law Schools)  |d vLex Global (U.S. Academic Edition, Law Schools)  |d vLex Global (U.S. Academic Edition, excluding Law Schools)  |d vLex Global (Academic Edition, Law Schools) 
650 0 4 |a Impuestos  |z Mx̌ico 
650 0 4 |a Derecho tributario  |z Mx̌ico 
700 1 |a Fol Olgun̕, Raymundo 
740 0 |a vLex Libros (Servicio en ln̕ea) 
856 4 0 |u http://vlex.com/source/estudio-del-impuesto-sobre-la-renta-personas-fisicas-2015-12672  |z Acceso restringido 
942 |c BOOK 
999 0 |a Taxation